Saturday Morning Cartoons 1990-1995 - Statistics

General Stats
  • This quiz has been taken 839 times
    738 since last reset
  • The average score is 13 of 29
Answer Stats
Hint Answer % Correct
A Team of four turtles trained by a rat Sensai in the art of Ninjutsu. Teenage Mutant Ninja Turtles
95%
Adventures of paranormal investigators along with their secretary and mascot ghost Slimer. Slimer! and the Real Ghostbusters
82%
Bruce Wayne as his alterego does battle with the likes of Mr. Freeze, the Riddler, and the Joker in this animated series. Batman: The Animated Series
75%
Childhood versions of Kermit the Frog, Miss Piggy and friends living together in a large nursery under the care of Nanny. The Muppet Babies
72%
A series about Peter Parker during his college years at Empire State University. Spiderman: The Animated Series
71%
Taking place on the Planet Mobius sometime in the 33rd century, a hedgehog does battle with Dr. Robitnik Sonic the Hedgehog: The animated Series
64%
Yakko, Wakko and Dot were locked away in the Warner Bro's water tower until the 1990's when they escaped. Animaniacs
63%
A series about a super intelligent mouse and his dim witted sidekick trying to take over the world. Pinky and the Brain
63%
A series about mutant superheros adapted from a Marvel Comic. X-men
59%
A series about a duck superhero whose alter-ego is mild-mannered single parent Drake Mallard. Darkwing Duck
56%
An animated version of a macabre family with a giant butler and bald uncle who loved explosives and light bulbs. The Addams Family
56%
A series that revolves around a clumsy simple-witted cyborg detective. Inspector Gadget
54%
A child-like Character goes to play in a fantastic house known as the playhouse which is filled with toys, talking furniture and appliances. Pee-Wee's Playhouse
53%
An earthworm superhero does battle with numorous villians across the galaxy. Earthworm Jim
48%
A cartoon set in the fictional town of Acme Acres. The characters of this show attended Acme Looniversity. Tiny Toon Adventures
47%
Taking place in the fictional Town of Angel Grove CA, five "teenagers with attitude" Defend the Earth From Rita Repulsa's attacks. Mighty Morphin Power Rangers
46%
A series featuring Goofy as a father bonding with his son Max. Goof Troop
40%
A show about Bobby Generic and his overactive imagination on how he sees the world. Bobby's world
39%
Lydia and her undead friend explore the Neitherworld, a wacky afterlife realm inhabited by monsters, ghouls, ghosts and zombies Beetlejuice
38%
A spinoff series about a classic looney toons character the Tasmanian Devil. Taz-Mania
24%
A series about the adventures of a cat and mouse in their childhood along with their friends Droopy and Dripple and Spkie and Tyke. Tom and Jerry Kids
24%
A series about the life of a manic insane superhero who does battle with an array of supervillians. Freakazoid!
23%
After crashing a superhero convention to win the "protectorship" of The City, an invulnerable, somewhat dim superhero defends The City from all manner of evil doers. The Tick
23%
Set in the inner world of a computer system known to it's inhabitants as Mainframe, Bob, Dot and Enzo do battle with Megabyte and Hexadecimal. Reboot
16%
Mr. Bumpy is a small green and purple warted monster that lives under the bed of a 10 year old boy, where he eats dirty socks and dust bunnies. His best friends are Squishington a blue monster that lived in the bathroom toilet tank and Molly Coddle, a frankenstein rag doll. Bump in the Night
11%
A series based off of the HBO series Tales from the Crypt aimed at children. Tales from the Cryptkeeper
10%
An anthology series hosted by Bugs Bunny that was mainly composed of Looney Tunes and Merrie Melodies cartoons. The Bugs Bunny and Tweety Show
7%
Michael Jordan, Bo Jackson, and Wayne Gretzky fighting crime and helping children. ProStars
6%
Set in a boarder town between Mexico and Texas, this series focused on the goings on of a community of insects. Santo Bugito
2%
No matching quizzes found
Score Distribution
Percent of People with Each Score
Percentile by Number Answered
Your Score History
You have not taken this quiz since the last reset